|
|
|
|
| LEADER |
00000nam0a2200000 4500 |
| 001 |
124620 |
| 005 |
20240115160428.0 |
| 035 |
|
|
|a (RuTPU)RU\TPU\book\134872
|
| 090 |
|
|
|a 124620
|
| 100 |
|
|
|a 20071106d2007 m y0rusy50 ca
|
| 101 |
0 |
|
|a rus
|
| 102 |
|
|
|a RU
|
| 105 |
|
|
|a a j 001zy
|
| 200 |
1 |
|
|a Электрическая часть электростанций и подстанций
|e учебное пособие
|f Н. В. Коломиец, Н. Р. Пономарчук, В. В. Шестакова
|g Томский политехнический университет (ТПУ)
|
| 210 |
|
|
|a Томск
|c Изд-во ТПУ
|d 2007
|
| 215 |
|
|
|a 143 с.
|c ил.
|
| 225 |
1 |
|
|a Учебники Томского политехнического университета
|
| 320 |
|
|
|a Библиогр.: с. 138-140.
|
| 330 |
|
|
|a В учебном пособии рассматриваются принципы построения электрической части электростанций и подстанций, примеры электротехнических расчетов по выбору электрооборудования и основных элементов электрической части электростанций с учетом их технико-экономических характеристик, требований энергосистем; вопросов экологии и стандартизации параметров оборудования. Предназначено для студентов направления 140200 «Электроэнергетика» специальностей 140203 «Релейная защита и автоматика», 140204 «Электрические станции» и др.
|
| 451 |
|
1 |
|0 (RuTPU)RU\TPU\book\163913
|t Электрическая часть электростанций
|o учебное пособие
|f Н. В. Коломиец, Н. Р. Пономарчук, В. В. Шестакова
|g Томский политехнический университет (ТПУ), Институт дистанционного образования
|c Томск
|n Изд-во ТПУ
|d 2008
|p 146 с.
|a Коломиец, Наталья Васильевна
|
| 610 |
1 |
|
|a электрические станции
|
| 610 |
1 |
|
|a подстанции
|
| 610 |
1 |
|
|a электрическая часть
|
| 610 |
1 |
|
|a тепловые электростанции
|
| 610 |
1 |
|
|a электрооборудование
|
| 610 |
1 |
|
|a токи короткого замыкания
|
| 610 |
1 |
|
|a распределительные устройства
|
| 610 |
1 |
|
|a электрические аппараты
|
| 610 |
1 |
|
|a электрические системы
|
| 610 |
1 |
|
|a проектирование
|
| 610 |
1 |
|
|a учебные пособия
|
| 675 |
|
|
|a 621.311.2.002.5-83(075.8)
|v 3
|
| 675 |
|
|
|a 621.311.4.002.5(075.8)
|v 3
|
| 700 |
|
1 |
|a Коломиец
|b Н. В.
|g Наталья Васильевна
|
| 701 |
|
1 |
|a Пономарчук
|b Н. Р.
|g Надежда Романовна
|
| 701 |
|
1 |
|a Шестакова
|b В. В.
|c специалист в области электротехники
|c доцент Томского политехнического университета, кандидат технических наук
|f 1968-
|g Вера Васильевна
|9 12439
|
| 712 |
0 |
2 |
|a Томский политехнический университет (ТПУ)
|3 (RuTPU)RU\TPU\col\376
|
| 801 |
|
1 |
|a RU
|b 63413507
|c 20071106
|g PSBO
|
| 801 |
|
2 |
|a RU
|b 63413507
|c 20201126
|g PSBO
|
| 942 |
|
|
|c BK
|